| 000 | 00000nam##2200000za#4500 |
| 001 | 9.663505 |
| 003 | CaOODSP |
| 005 | 20210615121054 |
| 007 | ta |
| 008 | 150407|2002||||xxc||||| f|0| 0 eng|d |
| 020 | |a0-662-66346-2 |
| 040 | |aCaOODSP|beng |
| 041 | |aeng |
| 041 | |afre |
| 043 | |an-cn--- |
| 086 | 1 |aFs23-411/2002 |
| 110 | 1 |aCanada. |bDepartment of Fisheries and Oceans. |
| 245 | 10|aDFO's aquaculture policy framework |
| 260 | |aOttawa - Ontario : |bFisheries and Oceans Canada |c2002. |
| 300 | |aEnglish text, 32p. : |bcoloured illus. ; |c28 cm. |
| 546 | |aBilingual |
| 563 | |aSoftcover |
| 590 | |a02-20|b2002-05-17 |
| 690 | 07|aAquaculture|2gcpds |
| 690 | 07|aFederal departments|2gcpds |
| 690 | 07|aFisheries policy|2gcpds |
| 776 | 0#|tPolitique du MPO en matière d'aquaculture |w(CaOODSP)9.639791 |
| 776 | 0#|tDFO's aquaculture policy framework |w(CaOODSP)9.695658 |
| 792 | |tPolitique du MPO en matière d'aquaculture |efre|w(CaOODSP)9.663506 |